000 01581nmc a2200565 a 4500
003 AR-BaBNM
005 20251128204820.0
008 016019s1991 ||||||||||||||000 | spa||
020 _a968-16-3485-3
040 _cAR-BaBNM
245 1 0 _aTotalitarismos
250 _a1ª ed.
260 _aMéxico, D.F.
_bFondo de Cultura Económica
_c1991
300 0 _a287 p.
_bcuadros
490 0 _aSección de obras de política y derecho
500 0 _aReferencias al término de los capítulos
500 0 _aEpílogo de Juan J. Linz en p. 273-279
500 0 _aEpílogo de Richard Löwenthal en p. 280-283
504 _aBibliografía: p. 79-83
600 0 4 _aMao Tse-Tung
600 1 4 _aLinz, Juan J.
600 1 4 _aLöwenthal, Richard
600 1 4 _aBarret-Kriegel, Blandine
600 1 4 _aManent, Pierre
600 1 4 _aBadie, Bertrand
600 1 4 _aBirbaum, Pierre
600 1 4 _aSmolar, Aleksander
600 1 4 _aDomenach, Jean-Luc
600 1 4 _aBayart, Jean-Francois
600 1 4 _aLeca, Jean
650 4 _aSISTEMAS POLITICOS
650 4 _aTIRANIA
650 4 _aIMPERIO
650 4 _aDEMOCRACIA
650 4 _aESTADO
650 4 _aGOBIERNO
650 4 _aBUROCRACIA
650 4 _aFUNCION PUBLICA
650 4 _aTOTALITARISMO
650 4 _aNAZISMO
650 4 _aDOCTRINAS POLITICAS
650 4 _aPLURALISMO
651 4 _aChina
700 1 _aHermet, Guy
_ecompilador
700 1 _aHassner, Pierre
_ecolaborador
700 1 _aRupnik, Jacques
_ecolaborador
700 1 _aLombera Pallares, Enrique
_etraductor
942 _cBK
998 _cGLORIA
999 _c8942
_d8942